600 essential words for the TOEIC
50 vocabulary-building lessons focus on American English as it's used in business, industry, communications, and cultural activites
Đã lưu trong:
| Príomhúdar: | |
|---|---|
| Formáid: | Leabhar |
| Teanga: | Undetermined |
| Foilsithe: |
Thành phố Hồ Chí Minh
Tổng hợp Thành phố Hồ Chí Minh
2014
|
| Ábhair: | |
| Clibeanna: |
Cuir Clib Leis
Gan Chlibeanna, Bí ar an gcéad duine leis an taifead seo a chlibeáil!
|
| Thư viện lưu trữ: | Trung tâm Học liệu Trường Đại học Cần Thơ |
|---|
| LEADER | 00721nam a2200205Ia 4500 | ||
|---|---|---|---|
| 001 | CTU_196863 | ||
| 008 | 210402s9999 xx 000 0 und d | ||
| 020 | |c 162000 | ||
| 082 | |a 428.0076 | ||
| 082 | |b L887 | ||
| 100 | |a Lougheed, Lin | ||
| 245 | 0 | |a 600 essential words for the TOEIC | |
| 245 | 0 | |c Lin Lougheed | |
| 260 | |a Thành phố Hồ Chí Minh | ||
| 260 | |b Tổng hợp Thành phố Hồ Chí Minh | ||
| 260 | |c 2014 | ||
| 520 | |a 50 vocabulary-building lessons focus on American English as it's used in business, industry, communications, and cultural activites | ||
| 650 | |a English language,Tiếng Anh | ||
| 904 | |i Nguyên | ||
| 980 | |a Trung tâm Học liệu Trường Đại học Cần Thơ | ||